[Event "Women's Speed Chess Q2"]
[Site "chess.com INT"]
[Date "2021.05.29"]
[Round "9"]
[White "Bivol, Alina"]
[Black "Nomin-Erdene, Davaademberel"]
[Result "1-0"]
[WhiteTitle "WGM"]
[BlackTitle "IM"]
[WhiteElo "2385"]
[BlackElo "2382"]
[WhiteFideId "4100123"]
[BlackFideId "4900782"]
[EventDate "2021.05.29"]

1. e4 c6 2. d4 d5 3. e5 Bf5 4. h4 h5 5. Bd3 Bxd3 6. Qxd3 e6 7. Bg5 Qa5+ 8. Nd2
Qa6 9. c4 Be7 10. Ngf3 c5 11. O-O Nc6 12. Bxe7 Ngxe7 13. dxc5 Rd8 14. Qc2 Ng6
15. cxd5 Rxd5 16. Ne4 O-O 17. Rfd1 Ncxe5 18. Nxe5 Rxe5 19. a4 Nxh4 20. b4 Qc6
21. f3 Nf5 22. Qf2 Rd5 23. b5 Qd7 24. Rxd5 Qxd5 25. Rc1 Rc8 26. Qb2 Nd4 27. Kh1
f5 28. Nd6 Rxc5 29. Rxc5 Qxc5 30. Nxb7 Qb6 31. a5 Qxb5 32. Qxd4 Qxb7 33. Qd8+
Kf7 34. Qh8 Qb1+ 35. Kh2 Qb5 36. Qd8 Qe5+ 37. Kh1 Kg6 38. Qe8+ Kg5 39. Qe7+ Kf4
40. Qxa7 Qe1+ 41. Kh2 Qg3+ 42. Kh1 Qh4+ 43. Kg1 Qe1+ 44. Kh2 h4 45. Qd4+ Kg5 46.
Qxg7+ Kh5 47. Qh7+ Kg5 48. Qg7+ Kh5 49. Qc7 e5 50. Qh7+ Kg5 51. Qg7+ Kh5 52. a6
Qe3 53. a7 Qf4+ 54. Kh3 Qa4 55. Qh8+ Kg5 56. a8=Q Qxa8 57. Qxa8 1-0

[Event "Women's Speed Chess Q2"]
[Site "chess.com INT"]
[Date "2021.05.29"]
[Round "9"]
[White "Khalafova, Narmin"]
[Black "Pourkashiyan, Atousa"]
[Result "1-0"]
[WhiteTitle "WGM"]
[BlackTitle "WGM"]
[WhiteElo "2279"]
[BlackElo "2322"]
[WhiteFideId "13402625"]
[BlackFideId "12502014"]
[EventDate "2021.05.29"]

1. e4 c5 2. Be2 e6 3. f4 a6 4. Nf3 d5 5. d3 dxe4 6. dxe4 Qxd1+ 7. Bxd1 Nf6 8. e5
Nd5 9. c4 Nb4 10. Ke2 b6 11. Nc3 Be7 12. a3 N4c6 13. Bc2 Bb7 14. Rd1 Nd7 15. Ne4
Rd8 16. Be3 h6 17. Rd2 f5 18. Nd6+ Bxd6 19. Rxd6 Nf8 20. Rad1 Rxd6 21. Rxd6 Ke7
22. Ba4 Nd4+ 23. Nxd4 cxd4 24. Bxd4 Bxg2 25. Bxb6 g5 26. Bd8+ Kf7 27. c5 gxf4
28. c6 Rg8 29. c7 Bb7 30. Bc6 Bc8 31. Bh4 Ng6 32. Bf6 Ne7 33. Bd7 Nd5 34. Bxc8
Rxc8 35. Rd7+ Kg6 36. Rg7+ Kh5 37. Bd8 a5 38. Rd7 a4 39. Rxd5 exd5 40. e6 Kg6
41. Kf3 Ra8 42. Kxf4 d4 43. h3 h5 44. Kf3 Kg7 45. Kf4 Rc8 46. h4 Kf8 47. Kf3 Ke8
48. Ke2 f4 49. Kd3 f3 50. Bf6 Rxc7 51. Bxd4 Rc1 52. Ke3 1-0

[Event "Women's Speed Chess Q2"]
[Site "chess.com INT"]
[Date "2021.05.29"]
[Round "9"]
[White "Vargas, Gabriela"]
[Black "Marjanovic, Annamaria"]
[Result "0-1"]
[WhiteTitle "WIM"]
[BlackTitle "WGM"]
[WhiteElo "2170"]
[BlackElo "2338"]
[WhiteFideId "3700860"]
[BlackFideId "750930"]
[EventDate "2021.05.29"]

1. d4 Nf6 2. Nf3 g6 3. Bg5 Bg7 4. Nbd2 d5 5. c3 O-O 6. e3 c5 7. Bd3 Nc6 8. O-O
cxd4 9. exd4 Bg4 10. Qb3 Qc7 11. Rfe1 e6 12. Bh4 Bxf3 13. Nxf3 Nh5 14. Rad1 h6
15. Bg3 Nxg3 16. hxg3 Rab8 17. Re2 b5 18. Rde1 b4 19. c4 Na5 20. Qc2 dxc4 21.
Bxg6 fxg6 22. Qxg6 Qf7 23. Qg4 Qf5 24. Qh4 Nc6 25. Rxe6 Nxd4 26. Nxd4 Qxf2+ 27.
Kh2 Qxd4 28. R1e4 Qd5 29. Re7 Rf7 30. Rxf7 Qxf7 31. Re7 Qf6 32. Qxc4+ Kh8 33.
Re6 Qg5 34. Qe4 Qh5+ 35. Kg1 Rd8 36. g4 Qc5+ 37. Kh2 Qc7+ 38. Kh3 Qd7 39. Re7
Qd3+ 40. Qxd3 Rxd3+ 41. Kh4 Bxb2 42. Kh5 Bc1 43. Rxa7 Rd6 44. Rb7 Bd2 45. g5
hxg5 46. g4 Kg8 47. Re7 Kf8 48. Rb7 Rd5 49. Rb6 Ke7 50. Rg6 Kd7 51. Ra6 Rd6 52.
Ra5 Ke6 53. Re5+ Kxe5 54. a4 Rd5 55. a5 Rxa5 0-1

[Event "Women's Speed Chess Q2"]
[Site "chess.com INT"]
[Date "2021.05.29"]
[Round "9"]
[White "Atalik, Ekaterina"]
[Black "Morris-Suzuki, Sophie"]
[Result "1-0"]
[WhiteTitle "IM"]
[BlackTitle "WFM"]
[WhiteElo "2430"]
[BlackElo "2043"]
[WhiteFideId "4130189"]
[BlackFideId "30922615"]
[EventDate "2021.05.29"]

1. Nf3 Nf6 2. g3 d5 3. Bg2 e6 4. O-O Be7 5. e3 O-O 6. c4 dxc4 7. Ne5 c5 8. Na3
Qc7 9. f4 Bd7 10. Naxc4 Nc6 11. b3 b5 12. Nxd7 Nxd7 13. Nb2 Bf6 14. Qf3 Rac8 15.
Rb1 Nb4 16. a3 Nc2 17. Nd3 c4 18. bxc4 Qxc4 19. Nb4 Nxb4 20. Rxb4 Qd3 21. Qe4
Nc5 22. Qxd3 Nxd3 23. Rb1 a6 24. Bb7 Rc2 25. Bxa6 Nxc1 26. Rfxc1 Rxd2 27. Bxb5
h5 28. h4 Bd8 29. Bf1 Be7 30. a4 Ra2 31. Ra1 Rb2 32. a5 Bb4 33. a6 Bd2 34. Rcb1
Bxe3+ 35. Kh1 Rbb8 36. Bg2 Ba7 37. Rb7 Ra8 38. Rd7 Bf2 39. Bxa8 Rxa8 40. a7 Bxg3
41. Rb1 Bxf4 42. Rbb7 Kh7 43. Rxf7 Be5 44. Kg2 Bd4 45. Kf3 Kg6 46. Ke4 Bf6 47.
Rb8 Kxf7 48. Rxa8 Bxh4 49. Rf8+ Kxf8 50. a8=Q+ Kf7 51. Qb7+ Be7 52. Ke5 h4 53.
Qa7 Kf8 54. Qf2+ Bf6+ 55. Kxe6 Kg8 56. Qg2 Kh7 57. Kf7 Kh8 58. Qg6 Be5 59. Qh5# 1-0

[Event "Women's Speed Chess Q2"]
[Site "chess.com INT"]
[Date "2021.05.29"]
[Round "9"]
[White "Shuvalova, Polina"]
[Black "Cori T., Deysi"]
[Result "1-0"]
[WhiteTitle "IM"]
[BlackTitle "WGM"]
[WhiteElo "2484"]
[BlackElo "2388"]
[WhiteFideId "24171760"]
[BlackFideId "3801934"]
[EventDate "2021.05.29"]

1. e4 e6 2. d4 d5 3. Nc3 Nf6 4. e5 Nfd7 5. f4 c5 6. Nf3 Nc6 7. Be3 b6 8. Be2 Be7
9. O-O O-O 10. Kh1 f6 11. exf6 Nxf6 12. Ne5 Nxd4 13. Bxd4 cxd4 14. Nc6 Qc7 15.
Nxe7+ Qxe7 16. Qxd4 Bb7 17. Rae1 Rac8 18. Bd3 Qf7 19. Nb5 Rcd8 20. Nxa7 Ne4 21.
Nb5 Qh5 22. Kg1 Qh4 23. Qe3 Rf6 24. g3 Qh3 25. Nd4 Rg6 26. Qf3 Rf8 27. Qg2 Qh6
28. c3 Rgf6 29. Nf3 Nc5 30. Bc2 Qh5 31. Ng5 Rh6 32. h4 d4 33. Qf2 d3 34. Bd1 Qe8
35. b4 Na4 36. Bb3 Nxc3 37. Nxe6 Ne2+ 38. Rxe2 dxe2 39. Nc7+ Kh8 40. Nxe8
exf1=Q+ 41. Qxf1 Rxe8 42. Qb5 Rd8 43. Qg5 Rhd6 44. Qe7 R6d7 45. Qe5 Rd6 46. h5
Rf6 47. Kh2 Rd2+ 48. Kh3 Bc8+ 49. g4 Rd3+ 50. Kh4 Rd8 51. Qc7 Rdf8 52. f5 h6 53.
Qe7 Bxf5 54. gxf5 Rxf5 55. Be6 Rf4+ 56. Bg4 R4f6 57. a4 Rf2 58. Kg3 Rf1 59. a5
Rg1+ 60. Kh2 Rgf1 61. axb6 1-0

[Event "Women's Speed Chess Q2"]
[Site "chess.com INT"]
[Date "2021.05.29"]
[Round "9"]
[White "Serikbay, Assel"]
[Black "Golubenko, Valentina"]
[Result "1-0"]
[WhiteTitle "WIM"]
[BlackTitle "WGM"]
[WhiteElo "2228"]
[BlackElo "2209"]
[WhiteFideId "13706799"]
[BlackFideId "4501993"]
[EventDate "2021.05.29"]

1. d4 g6 2. c4 Bg7 3. Nf3 c5 4. Nc3 cxd4 5. Nxd4 Nc6 6. e3 Nf6 7. Be2 d5 8. cxd5
Nxd5 9. Nxd5 Qxd5 10. Bf3 Qc5 11. Nxc6 bxc6 12. O-O O-O 13. Qa4 Bd7 14. Rd1 Rfd8
15. Bd2 Bxb2 16. Rab1 Rab8 17. Ba5 Bf5 18. Bxd8 Bxb1 19. Bxe7 Qc2 20. Qxc2 Bxc2
21. Rd8+ Rxd8 22. Bxd8 c5 23. Be7 c4 24. Kf1 Bd3+ 25. Be2 Kg7 26. Bb4 f5 27.
Bxd3 cxd3 28. Ke1 Kf6 29. Kd2 Ke5 30. Kxd3 Kd5 31. Bc3 Ba3 32. Bd4 a6 33. f3 Bd6
34. e4+ fxe4+ 35. fxe4+ Ke6 36. h3 h5 37. g4 hxg4 38. hxg4 Bc7 39. Kc4 Bd6 40.
Kd3 Bc7 41. a4 Bd6 42. Kc4 Bc7 43. Kc5 Bd6+ 44. Kc6 Bb4 45. Kb6 a5 46. Kb5 Bd2
47. Bb6 Ke5 48. Bxa5 Be3 49. Bc3+ Kxe4 50. a5 Kf4 51. a6 Kxg4 52. Bb4 Ba7 53.
Bc5 Bb8 54. Kc6 Kf5 55. Kb7 g5 56. Kxb8 g4 57. a7 g3 58. a8=Q Kg4 59. Qe4+ Kh3
60. Qh1+ Kg4 61. Qg2 Kf4 62. Bd6+ Kg4 63. Bxg3 1-0

[Event "Women's Speed Chess Q2"]
[Site "chess.com INT"]
[Date "2021.05.29"]
[Round "9"]
[White "Petrova, Irina"]
[Black "Nurmanova, Alua"]
[Result "1-0"]
[WhiteTitle "WIM"]
[BlackTitle "WFM"]
[WhiteElo "2110"]
[BlackElo "2008"]
[WhiteFideId "14124122"]
[BlackFideId "13729390"]
[EventDate "2021.05.29"]

1. e4 c5 2. Nf3 d6 3. Bb5+ Nd7 4. O-O Nf6 5. Re1 e6 6. c3 a6 7. Bf1 Be7 8. d4
O-O 9. h3 Qc7 10. Be3 Nxe4 11. Nbd2 Nxd2 12. Qxd2 Nf6 13. Bd3 b5 14. a4 c4 15.
Bc2 Bb7 16. Nh2 Bd5 17. Qe2 Qb7 18. f3 b4 19. Ng4 Nh5 20. Qf2 f5 21. Nh2 Nf6 22.
Bf4 Nh5 23. Be3 a5 24. Rf1 f4 25. Bd2 Ng3 26. Rfe1 Bh4 27. Ng4 h5 28. Nh2 Qe7
29. Nf1 Nxf1 30. Qxf1 Bxe1 31. Rxe1 bxc3 32. bxc3 Rab8 33. Qe2 Rb2 34. Bc1 Ra2
35. Bh7+ Kxh7 36. Qxa2 Qf6 37. Qc2+ g6 38. Qb2 Qf7 39. Qb6 Qd7 40. Qxa5 Ra8 41.
Qb5 Qxb5 42. axb5 Ra5 43. Bxf4 Rxb5 44. Bxd6 Rb3 45. Bb4 Rb2 46. Ra1 g5 47. Be7
Kg6 48. Rf1 g4 49. hxg4 hxg4 50. Rf2 Rb1+ 51. Rf1 Rb2 52. Rf2 Rb7 53. Bb4 g3 54.
Ra2 Kf5 55. Ra8 Kg6 56. Rg8+ Kf7 57. Rxg3 Rxb4 58. cxb4 c3 59. f4 c2 60. Rc3 Be4
61. Kf2 Ke7 62. Ke3 Bf5 63. Kd2 Kd6 64. Rxc2 Bxc2 65. Kxc2 Kd5 66. Kd3 1-0

[Event "Women's Speed Chess Q2"]
[Site "chess.com INT"]
[Date "2021.05.29"]
[Round "9"]
[White "Varney, Zoe"]
[Black "Adam, Ernestina"]
[Result "1/2-1/2"]
[WhiteTitle "WCM"]
[BlackTitle "WCM"]
[WhiteElo "1917"]
[BlackElo "1354"]
[WhiteFideId "436135"]
[BlackFideId "165883"]
[EventDate "2021.05.29"]

1. e4 c6 2. c4 d5 3. exd5 cxd5 4. cxd5 Qxd5 5. Nc3 Qd8 6. d4 Nf6 7. Nf3 Bg4 8.
Be2 e6 9. O-O Nc6 10. Be3 Bd6 11. h3 Bh5 12. Re1 O-O 13. Bg5 Bg6 14. Ne5 Nxe5
15. dxe5 Bxe5 16. Qb3 Qb6 17. Qxb6 axb6 18. Bf3 Bxc3 19. bxc3 Ra5 20. Bxf6 gxf6
21. Bxb7 Rc5 22. Re3 Rb8 23. Ba6 Ra8 24. Be2 Ra3 25. c4 Rca5 26. Rxa3 Rxa3 27.
Kf1 Bc2 28. Ke1 Bb3 29. Rb1 Bxa2 30. Rxb6 Rc3 31. Rb8+ Kg7 32. Kd2 Ra3 33. c5
Bd5 34. Rc8 Ra2+ 35. Ke3 Ra3+ 36. Kd2 Ra2+ 37. Ke3 f5 38. Bf3 Ra3+ 39. Kf4 Ra4+
40. Kg3 Bxf3 41. Kxf3 Rc4 42. c6 Kf6 43. c7 e5 44. g4 fxg4+ 45. hxg4 Ke7 46. Rh8
Rxc7 47. Rxh7 Rc4 48. Kg3 Ke6 49. f3 Rf4 50. Rh6+ Kd5 51. Rh5 Kd4 52. Rf5 Rxf5
53. gxf5 e4 54. fxe4 Kxe4 55. Kg4 Kd5 56. Kg5 Ke5 57. f6 Ke6 58. Kg4 Kxf6 59.
Kf4 Kg6 60. Kg4 Kh6 61. Kf5 Kg7 62. Kg5 Kf8 63. Kf6 Ke8 64. Kf5 Ke7 65. Ke5 f6+
66. Kf5 Kf7 67. Kf4 Ke6 68. Ke4 f5+ 69. Kf4 Kf6 70. Kf3 Kg6 71. Kf4 Kf6 72. Kf3
Ke5 73. Ke3 Kd5 74. Kf4 Ke6 75. Kf3 Ke5 76. Ke3 f4+ 77. Kf3 Kf5 78. Kf2 Kg4 79.
Kg2 f3+ 80. Kf2 Kf4 81. Kf1 Ke3 82. Ke1 Kd3 83. Kf2 Ke4 84. Kf1 Ke5 85. Kf2 Kf4
86. Kf1 Kg3 87. Kg1 Kg4 88. Kf2 Kf4 1/2-1/2

[Event "Women's Speed Chess Q2"]
[Site "chess.com INT"]
[Date "2021.05.29"]
[Round "9"]
[White "Dordzhieva, Dinara"]
[Black "Varshini, V"]
[Result "1-0"]
[WhiteTitle "WGM"]
[BlackTitle "WGM"]
[WhiteElo "2334"]
[BlackElo "2226"]
[WhiteFideId "24157570"]
[BlackFideId "5091241"]
[EventDate "2021.05.29"]

1. d4 d5 2. Nf3 Nf6 3. c4 e6 4. g3 Be7 5. Bg2 O-O 6. O-O dxc4 7. Ne5 Nc6 8. Bxc6
bxc6 9. Nxc6 Qe8 10. Nxe7+ Qxe7 11. Qc2 Ba6 12. Qa4 Qd6 13. Bf4 Qb6 14. Na3 c3
15. bxc3 Bxe2 16. Rfe1 Bd3 17. Qb3 Qc6 18. c4 Be4 19. Qb5 Rfc8 20. Qxc6 Bxc6 21.
Rab1 Nh5 22. Be3 Rcb8 23. Nb5 Rc8 24. g4 Nf6 25. Bf4 g5 26. Bxg5 Nxg4 27. Bf4
Rab8 28. Nxa7 Rxb1 29. Rxb1 Be4 30. Re1 Ra8 31. Nb5 Bf3 32. a3 c6 33. Nd6 Rxa3
34. h3 Nf6 35. Bg3 Nh5 36. Be5 h6 37. Kh2 Rd3 38. Re3 Rxe3 39. fxe3 f6 40. Bg3
Kf8 41. Nb7 Ke7 42. Nc5 Ng7 43. Bc7 Nf5 44. Bf4 h5 45. Kg1 Be2 46. Kf2 Bxc4 47.
Ne4 Bb5 48. Nc3 Bd3 49. Na2 Be4 50. Nb4 Bd5 51. Nd3 Be4 52. Nc5 Bd5 53. e4 Nxd4
54. exd5 exd5 55. Ke3 Ne6 56. Nxe6 Kxe6 57. Kd4 Kf5 58. Bg3 Kg5 59. Kc5 f5 60.
Kxc6 f4 61. Bf2 f3 62. Kxd5 Kf4 63. Kd4 h4 64. Kd3 Kf5 65. Ke3 Kg5 66. Kxf3 Kf5
67. Bxh4 1-0

[Event "Women's Speed Chess Q2"]
[Site "chess.com INT"]
[Date "2021.05.29"]
[Round "9"]
[White "Mendoza, Shania Mae"]
[Black "Osmak, Iulija"]
[Result "0-1"]
[WhiteTitle "WFM"]
[BlackTitle "IM"]
[WhiteElo "2158"]
[BlackElo "2425"]
[WhiteFideId "5211158"]
[BlackFideId "14101602"]
[EventDate "2021.05.29"]

1. e4 c6 2. d4 d5 3. Nc3 dxe4 4. Nxe4 Nf6 5. Ng3 h5 6. Bc4 h4 7. N3e2 h3 8. gxh3
Bxh3 9. Nxh3 Rxh3 10. Be3 e6 11. Qd2 Nbd7 12. O-O-O Nb6 13. Bb3 Qd7 14. Kb1
O-O-O 15. Nf4 Rh8 16. Nd3 Bd6 17. Qa5 Kb8 18. h3 Nbd5 19. Bc1 Rh5 20. Qe1 Rdh8
21. c4 Ne7 22. Ne5 Qe8 23. Qe3 Nf5 24. Qe2 Nxd4 25. Rxd4 Bxe5 26. Rd3 Bc7 27. a3
Nd7 28. Bc2 Ne5 29. Rc3 f6 30. f4 Nd7 31. Rg1 Qe7 32. Rgg3 g5 33. Rgf3 gxf4 34.
Bxf4 Bxf4 35. Rxf4 Rxh3 36. Rxh3 Rxh3 37. Qg4 Rh8 38. Qe2 Ne5 39. Re4 Qc5 40. b4
Qd6 41. c5 Qd5 42. Kb2 Rh3 43. Re3 Qd4+ 44. Kb1 Qxe3 45. Qg2 Rh8 46. Qg7 Rh1+
47. Ka2 Qd4 48. Qf8+ Kc7 49. Qxf6 Qd5+ 50. Kb2 Nc4+ 51. Kc3 Qe5+ 52. Qxe5+ Nxe5
53. Kd4 Nd7 54. Be4 Rh4 55. Ke3 e5 56. a4 Rh3+ 57. Bf3 Nf6 58. Ke2 e4 59. Bg2
Ra3 60. b5 Rxa4 61. bxc6 bxc6 62. Kd2 Rc4 63. Bf1 Rxc5 64. Be2 Rd5+ 65. Ke3 Kd6
66. Bc4 Ke5 67. Bxd5 cxd5 68. Ke2 d4 69. Kd2 e3+ 70. Kd3 Kd5 71. Ke2 Ke4 72. Ke1
d3 73. Kd1 e2+ 74. Ke1 Nd7 75. Kd2 Ne5 76. Ke1 Nf3+ 77. Kf2 e1=Q+ 78. Kg2 Qe2+
79. Kh3 d2 80. Kg4 Qg2+ 81. Kh5 Qg5# 0-1

[Event "Women's Speed Chess Q2"]
[Site "chess.com INT"]
[Date "2021.05.29"]
[Round "9"]
[White "Gu, Xiaobing"]
[Black "Zhai, Mo"]
[Result "0-1"]
[WhiteTitle "WGM"]
[BlackTitle "WGM"]
[WhiteElo "2263"]
[BlackElo "2366"]
[WhiteFideId "8602611"]
[BlackFideId "8600201"]
[EventDate "2021.05.29"]

1. e4 Nf6 2. e5 Nd5 3. d4 d6 4. c4 Nb6 5. Nf3 g6 6. Be3 Bg7 7. exd6 cxd6 8. Nc3
O-O 9. Rc1 Nc6 10. Be2 Bg4 11. b3 d5 12. c5 Nc8 13. O-O Bxf3 14. Bxf3 e6 15. a3
N8e7 16. b4 Nf5 17. Ne2 Nh4 18. Nc3 Nxf3+ 19. gxf3 Qf6 20. b5 Nxd4 21. Bxd4 Qxd4
22. Qxd4 Bxd4 23. c6 bxc6 24. bxc6 a6 25. Ne2 Be5 26. Rb1 Rab8 27. Rfc1 Rfc8 28.
Rxb8 Rxb8 29. Rc5 Rc8 30. f4 Bd6 31. Rc3 Kf8 32. Kg2 Ke7 33. Kf3 Kd8 34. Nd4 Kc7
35. Rb3 Rb8 36. Rc3 Rb2 37. h4 h5 38. Ke3 Ra2 39. Nc2 Rb2 40. Nd4 Ra2 41. Nc2 a5
42. f3 Be7 43. Kd3 Rb2 44. a4 Ra2 45. Nd4 Rxa4 46. Nb5+ Kc8 47. c7 Rc4 48. Rxc4
dxc4+ 49. Kxc4 Kb7 50. Nc3 Kxc7 51. Ne4 Bxh4 52. Kb5 Be1 53. Ng5 h4 54. Kc4 a4
55. Nh3 Kc6 56. Ng5 Kd7 57. Nh3 Ke7 58. Ng5 f6 59. Nh3 Bg3 60. Kd3 a3 61. Kc2
Be1 62. Kb3 Bb4 63. Ka2 Bc5 64. Kb3 Kd6 65. Ka2 Kd5 66. Kb3 Kd4 67. Nf2 Ke3 68.
Ng4+ Kxf3 69. Nh2+ Kg2 70. Ng4 h3 71. Kc4 h2 72. Nxh2 Kxh2 73. Kxc5 a2 74. Kd6
a1=Q 75. Kxe6 Kg3 76. f5 gxf5 77. Kxf5 Qe5+ 0-1

[Event "Women's Speed Chess Q2"]
[Site "chess.com INT"]
[Date "2021.05.29"]
[Round "9"]
[White "Padmini, Rout"]
[Black "Chu, Ruotong"]
[Result "0-1"]
[WhiteTitle "IM"]
[BlackTitle "WIM"]
[WhiteElo "2370"]
[BlackElo "2207"]
[WhiteFideId "5029295"]
[BlackFideId "8605653"]
[EventDate "2021.05.29"]

1. e4 c5 2. Nf3 e6 3. c3 d5 4. exd5 Qxd5 5. d4 Nc6 6. Be2 Nf6 7. O-O cxd4 8.
cxd4 a6 9. Nc3 Qd6 10. a4 Be7 11. Bc4 O-O 12. Qe2 Nxd4 13. Nxd4 Qxd4 14. Rd1 Qg4
15. f3 Qh5 16. g4 Qa5 17. Be3 Bc5 18. g5 Nh5 19. Ne4 Nf4 20. Qe1 Qxe1+ 21. Rxe1
Bxe3+ 22. Rxe3 Bd7 23. Kf2 Bc6 24. Kg3 Ng6 25. Nc3 Rac8 26. Bd3 Ne7 27. h4 Rfd8
28. h5 Nd5 29. Nxd5 Rxd5 30. f4 Rd4 31. b3 Rcd8 32. Bc4 Rd2 33. Rg1 g6 34. hxg6
hxg6 35. f5 exf5 36. Re7 R2d7 37. Bxf7+ Kg7 38. Rge1 Rxe7 39. Rxe7 Rd7 40. Rxd7
Bxd7 41. Bd5 Bc6 42. Be6 Kf8 43. Kf4 Ke7 44. Bg8 Bd7 45. Ke5 Be8 46. Bd5 Bf7 47.
Bxb7 a5 48. Ba6 Bxb3 49. Bb5 Bc2 50. Bc6 Kd8 51. Bb5 Kc7 52. Be8 f4 53. Kxf4 Kd6
54. Bb5 Kc5 55. Be8 Kb4 56. Ke5 Bxa4 57. Bxg6 Bb3 58. Kf6 a4 59. Bf7 a3 60. Bxb3
Kxb3 61. g6 a2 62. g7 a1=Q+ 63. Kf7 Qf1+ 64. Kg6 Qg2+ 65. Kf6 Qf3+ 66. Ke7 Qg4
67. Kf7 Qf5+ 68. Ke7 Qg6 69. Kf8 Qf6+ 70. Kg8 Kc4 71. Kh7 Qh4+ 72. Kg6 Qg4+ 73.
Kh7 Qh5+ 74. Kg8 Kd5 75. Kf8 Qf5+ 76. Ke7 Qg6 77. Kf8 Qf6+ 78. Kg8 Ke6 79. Kh7
Qh4+ 80. Kg6 Qg4+ 81. Kh7 Kf7 82. Kh6 Qg6# 0-1

[Event "Women's Speed Chess Q2"]
[Site "chess.com INT"]
[Date "2021.05.29"]
[Round "10"]
[White "Golubenko, Valentina"]
[Black "Zaksaite, Salomeja"]
[Result "0-1"]
[WhiteTitle "WGM"]
[BlackTitle "WIM"]
[WhiteElo "2209"]
[BlackElo "2202"]
[WhiteFideId "4501993"]
[BlackFideId "12801496"]
[EventDate "2021.05.29"]

1. d4 g6 2. g3 Bg7 3. Bg2 e6 4. c4 Ne7 5. Nc3 O-O 6. Nf3 d6 7. O-O Nd7 8. d5 e5
9. e4 h6 10. b4 f5 11. Nh4 Nf6 12. c5 a5 13. cxd6 cxd6 14. bxa5 f4 15. Bd2 g5
16. Nf5 Nxf5 17. exf5 Bxf5 18. Qb3 Rf7 19. Nb5 e4 20. gxf4 gxf4 21. Bxf4 Nh5 22.
Bxd6 Bxa1 23. Rxa1 Qf6 24. Re1 Bd7 25. Nc7 Qxf2+ 0-1

[Event "Women's Speed Chess Q2"]
[Site "chess.com INT"]
[Date "2021.05.29"]
[Round "10"]
[White "Makhija, Aashna"]
[Black "Starosta, Martyna"]
[Result "1-0"]
[WhiteTitle "WIM"]
[BlackTitle "WCM"]
[WhiteElo "1969"]
[BlackElo "1910"]
[WhiteFideId "25011944"]
[BlackFideId "21818754"]
[EventDate "2021.05.29"]

1. e4 e5 2. Nf3 Nc6 3. Bc4 Nf6 4. d3 Be7 5. O-O O-O 6. Re1 d6 7. a4 Kh8 8. a5
Ng8 9. a6 f5 10. exf5 Rxf5 11. Nc3 bxa6 12. Bxa6 Bxa6 13. Rxa6 Nb8 14. Ra4 Nd7
15. Be3 a6 16. Nd5 c6 17. Nxe7 Nxe7 18. Qa1 Qc8 19. Qa2 Nd5 20. Ra1 Nxe3 21.
fxe3 Nc5 22. Ra5 Qb7 23. d4 exd4 24. exd4 Nd7 25. Rxf5 1-0

[Event "Women's Speed Chess Q2"]
[Site "chess.com INT"]
[Date "2021.05.29"]
[Round "10"]
[White "Varney, Zoe"]
[Black "Singgih, Diajeng Theresa"]
[Result "0-1"]
[WhiteTitle "WCM"]
[BlackTitle "WFM"]
[WhiteElo "1917"]
[BlackElo "1972"]
[WhiteFideId "436135"]
[BlackFideId "7104391"]
[EventDate "2021.05.29"]

1. e4 e5 2. Nf3 Nc6 3. Bc4 Bc5 4. c3 Nf6 5. d4 exd4 6. cxd4 Bb4+ 7. Bd2 Bxd2+ 8.
Nbxd2 d6 9. O-O O-O 10. Re1 Nh5 11. a3 Nf4 12. Qc2 Qf6 13. e5 dxe5 14. dxe5 Qh6
15. Ne4 Qg6 16. Bf1 Bf5 17. Nh4 Bxe4 18. Rxe4 Nh3+ 19. Kh1 Qxe4 20. Qxe4 Nxf2+
21. Kg1 Nxe4 22. Bd3 Nc5 23. Bc2 Nxe5 24. Rc1 Ne6 25. Bf5 Nd4 26. Re1 Nxf5 27.
Nxf5 Nd3 28. Re2 Rfe8 29. Ne7+ Kf8 30. Rd2 Rad8 31. Nf5 Re1# 0-1

[Event "Women's Speed Chess Q2"]
[Site "chess.com INT"]
[Date "2021.05.29"]
[Round "10"]
[White "Von Herman, Brigitte"]
[Black "Vine, Elzbieta"]
[Result "1-0"]
[WhiteTitle "WFM"]
[BlackTitle "WFM"]
[WhiteElo "1991"]
[BlackElo "2138"]
[WhiteFideId "4628730"]
[BlackFideId "1119320"]
[EventDate "2021.05.29"]

1. e4 c5 2. c3 d6 3. d4 cxd4 4. cxd4 Nf6 5. Nc3 Nc6 6. Nf3 Bg4 7. Be3 e6 8. h3
Bh5 9. Be2 Be7 10. O-O O-O 11. Qd2 Bg6 12. Bd3 Nb4 13. Bb1 a6 14. a3 Nc6 15. Re1
Rc8 16. Bd3 e5 17. dxe5 Nxe5 18. Nxe5 dxe5 19. Rad1 Qc7 20. Bg5 h6 21. Bxf6 Bxf6
22. Nd5 Qc6 23. Rc1 Qe6 24. Bc4 Rxc4 25. Rxc4 Bg5 26. Qc2 1-0

[Event "Women's Speed Chess Q2"]
[Site "chess.com INT"]
[Date "2021.05.29"]
[Round "10"]
[White "Tokhirjonova, Gulrukhbegim"]
[Black "Bodnaruk, Anastasia"]
[Result "0-1"]
[WhiteTitle "WGM"]
[BlackTitle "IM"]
[WhiteElo "2350"]
[BlackElo "2457"]
[WhiteFideId "14203626"]
[BlackFideId "4181751"]
[EventDate "2021.05.29"]

1. e4 c5 2. Nf3 d6 3. d4 cxd4 4. Nxd4 Nf6 5. Nc3 a6 6. h3 e6 7. g4 b5 8. g5 Nfd7
9. a3 Bb7 10. f4 Nc6 11. Be3 Rc8 12. Qf3 Nxd4 13. Bxd4 e5 14. Be3 Be7 15. h4
exf4 16. Bxf4 Ne5 17. Qg3 O-O 18. O-O-O Qa5 19. Bd2 b4 20. Nd5 Bxd5 21. Bxb4 Qa4
22. Rh2 Bxe4 23. c3 Qb3 24. Bxd6 Bxd6 25. Rxd6 Nf3 26. Re2 Rxc3+ 27. bxc3 Qb1# 0-1

[Event "Women's Speed Chess Q2"]
[Site "chess.com INT"]
[Date "2021.05.29"]
[Round "10"]
[White "Eswaran, Aksithi"]
[Black "Ziegenfuss, Antonia"]
[Result "1-0"]
[WhiteTitle "WCM"]
[BlackTitle "WFM"]
[WhiteElo "1745"]
[BlackElo "2157"]
[WhiteFideId "2083485"]
[BlackFideId "12962554"]
[EventDate "2021.05.29"]

1. e4 c5 2. Nf3 e6 3. d4 cxd4 4. Nxd4 Nc6 5. Be3 Nf6 6. Bd3 d5 7. Nxc6 bxc6 8.
e5 Nd7 9. Bf4 Bc5 10. O-O O-O 11. Qg4 f5 12. exf6 Nxf6 13. Qh4 Qe7 14. Bg5 g6
15. Nc3 e5 16. Rae1 e4 17. Bxe4 dxe4 18. Nxe4 Nxe4 19. Bxe7 Rxf2 20. Bxc5 Rxf1+
21. Rxf1 Nxc5 22. Qc4+ Be6 23. Qxc5 Bd5 24. c4 Be4 25. Qd4 Bf5 26. Qd6 Re8 27.
Rxf5 gxf5 28. Qxc6 Re2 29. Qd5+ Kg7 30. c5 1-0

[Event "Women's Speed Chess Q2"]
[Site "chess.com INT"]
[Date "2021.05.29"]
[Round "10"]
[White "Fernandez, Maria Florencia"]
[Black "Dworakowska, Joanna"]
[Result "0-1"]
[WhiteTitle "WIM"]
[BlackTitle "IM"]
[WhiteElo "2229"]
[BlackElo "2322"]
[WhiteFideId "116459"]
[BlackFideId "1107445"]
[EventDate "2021.05.29"]

1. d4 f5 2. c4 Nf6 3. Nc3 d6 4. Nf3 g6 5. h3 Bg7 6. e3 O-O 7. Qb3 e6 8. Rg1 e5
9. Be2 e4 10. Nh2 c5 11. d5 Nbd7 12. Bd2 Ne5 13. O-O-O a6 14. Kb1 b5 15. cxb5
axb5 16. Bxb5 Ba6 17. f4 Nd3 18. Bc1 Bxb5 19. Nxb5 Ne8 20. Rxd3 exd3 21. Qxd3
Qa5 22. a3 Rf7 23. Bd2 Qa6 24. Kc2 Rb7 25. Bc3 Qxb5 26. Qd2 Qb3+ 27. Kc1 Rxa3 0-1

[Event "Women's Speed Chess Q2"]
[Site "chess.com INT"]
[Date "2021.05.29"]
[Round "10"]
[White "Komiagina, Maria"]
[Black "Frayna, Janelle Mae"]
[Result "0-1"]
[WhiteTitle "WIM"]
[BlackTitle "WGM"]
[WhiteElo "2241"]
[BlackElo "2179"]
[WhiteFideId "4153987"]
[BlackFideId "5212499"]
[EventDate "2021.05.29"]

1. e4 Nf6 2. e5 Nd5 3. d4 d6 4. c4 Nb6 5. exd6 cxd6 6. Be3 g6 7. Nc3 Bg7 8. Rc1
O-O 9. h3 d5 10. c5 Nc4 11. Bxc4 dxc4 12. Nf3 Nc6 13. O-O Bf5 14. d5 Nb4 15. a3
Nd3 16. Rb1 Rc8 17. Nd4 Bxd4 18. Bxd4 Nxc5 19. Bxc5 Bxb1 20. Bd4 Bd3 21. Re1 e6
22. Qf3 Re8 23. Bf6 Qd6 24. Qe3 h5 25. Qh6 Qf8 26. Qg5 exd5 27. Rxe8 Rxe8 28.
Nxd5 Be4 29. Ne7+ Kh7 30. f3 Bc6 31. Kh2 Qh6 32. Qe5 Qd2 33. h4 Bxf3 34. Qg3 Bc6
35. Bg5 Qe2 0-1